| 000 | 01150nam a22003137a 4500 | ||
|---|---|---|---|
| 001 | BR0305021 | ||
| 003 | BR-BrBNA | ||
| 005 | 20230928101407.0 | ||
| 007 | ta | ||
| 008 | 230509b bl.||||| |||| 00| 0 por d | ||
| 040 |
_aBR-BrBNA _bpor _cBiblioteca Nacional de Agricultura |
||
| 041 | _a(Por) | ||
| 072 | _aP35; P34; F08 | ||
| 090 | _ P35 BR0305021 | ||
| 110 | 1 |
_aSociedade Brasileira de Ciência do Solo, Santa Maria, RS (Brasil) _99649 |
|
| 110 | 1 | _aSociedade Brasileira de Microbiologia, Santa Maria, RS (Brasil) | |
| 111 | 1 |
_a24. Reunião Brasileira de Fertilidade do Solo e Nutrição de Plantas8. Reunião Brasileira sobre Micorrizas6. Simpósio Brasileiro de Microbiologia do Solo3. Reunião Brasileira de Biologia do Solo _cSanta Maria, RS (Brazil) _d22-26 Oct 2000 |
|
| 245 | 1 | _aFertbio 2000; biodinâmica do solo | |
| 260 | 3 |
_bSanta Maria, RS (Brazil), _c2000. |
|
| 300 | _a216 p. | ||
| 650 | _aFERTILIDADE DO SOLO | ||
| 650 | _aBIOLOGIA DO SOLO | ||
| 650 | _aSISTEMA DE CULTIVO | ||
| 650 | _aNUTRIÇÃO VEGETAL | ||
| 650 | _aBIOMASSA | ||
| 650 | _aBIODIVERSIDADE | ||
| 909 |
_a202309 _bLucia _c55 _dLucia Elande |
||
| 942 | _cBK | ||
| 999 |
_c65603 _d65603 |
||